New LEGO sets 2024 by Picture - Statistics

General Stats
  • This quiz has been taken 24 times
  • The average score is 11 of 16
Answer Stats
Picture Answer % Correct
Young Simba the Lion King
100%
Tuxedo Cat
95%
Mona Lisa
91%
Retro Radio
82%
Hogwarts Castle: The Great Hall
77%
Barad-dûr
73%
Notre-Dame de Paris
73%
The Crafting Table
73%
Hogwarts Castle: Potions Class
68%
Imperial Star Destroyer
68%
Mini Disney Sleeping Beauty Castle
59%
The Force of Creativity
59%
Great Deku Tree 2-in-1
55%
NASA Artemis Space Launch System
50%
Buckbeak
45%
Mercedes-AMG G 63 & Mercedes-AMG SL 63
45%
No matching quizzes found
Score Distribution
Percent of People with Each Score
Percentile by Number Answered
Your Score History
You have not taken this quiz